| Поле | Название | Значение |
| |
Тип записи |
a |
| |
Библиографический уровень |
m |
| 001 |
Контрольный номер |
LIBNET\0000611988 |
| 005 |
Дата корректировки |
20201206205022.0 |
| 010 |
Индекс ISBN |
__ |
| a |
ISBN |
978-5-4335-0138-6 (в пер.) |
| d |
Цена |
660-70 |
| 100 |
Данные общей обработки |
__ |
| a |
Данные общей обработки |
19161024d2015||||||| 0rusy0189 ca |
| 101 |
Язык документа |
1_ |
| a |
Язык текста |
rus |
| c |
Язык оригинала |
eng |
| 102 |
Страна публикации |
__ |
| a |
Страна публикации |
RU| |
| 105 |
Кодированные данные (монография) |
__ |
| a |
Кодированные данные (монография) |
a|||||||000zy |
| 200 |
Заглавие и сведения об ответственности |
1_ |
| a |
Заглавие |
Затерянный мир |
| e |
Сведения, относящиеся к заглавию |
[роман : 12+] |
| f |
Первые сведения об ответственности |
Артур Конан Дойл ; [перевод с английского Н. А. Волжиной-Гроссет] ; иллюстрации Владимира Шевченко |
| b |
Общее обозначение материала |
Текст |
| 210 |
Выходные данные |
__ |
| a |
Место издания |
Москва |
| c |
Издательство |
Нигма |
| d |
Дата издания |
2015 |
| 215 |
Физическое описание |
__ |
| a |
Объем |
252, [3] с. |
| c |
Иллюстрации/тип воспроизводства |
ил. |
| d |
Формат |
27 см |
| 225 |
Серия |
__ |
| a |
Серия |
Страна приключений |
| 300 |
Общие примечания |
__ |
| a |
Общие примечания |
5000 экз. |
| 330 |
Аннотация |
__ |
| a |
Аннотация |
Большинство читателей знают сэра Артура Конан Дойля как автора детективов и создателя одного из величайших сыщиков всех времён - Шерлока Холмса. В романе "Затерянный мир" А. Дойл предстаёт перед нами как писатель-фантаст, рассказывая невероятную историю про динозавров, живущих в джунглях Южной Америки. Отправившись в исследовательскую экспедицию, главные герои и не подозревали, что им придётся выживать среди плотоядных аллозавров и летучих птеродактилей и даже вступить в схватку с далёкими предками современного человека. Яркие и реалистичные иллюстрации художника Владимира Шевченко взбудоражат воображение читателей и заставят поверить, что, может быть, действительно где-то в дебрях Амазонки существует затерянное плато, населённое динозаврами и свирепыми обезьянолюдьми. Для среднего школьного возраста. |
| 333 |
Примечание о целевом назначении |
__ |
| a |
Примечание о целевом назначении |
12+. Для детей старше 12 лет |
| 514 |
Заглавие на первой странице текста |
__ |
| a |
Заглавие на первой странице текста |
The Lost World |
| 606 |
Тематические рубрики |
__ |
| a |
Основная рубрика |
Художественная литература |
| 606 |
Тематические рубрики |
__ |
| a |
Основная рубрика |
Литература Европы (произведения) |
| y |
Географическая подрубрика |
Англия |
| 606 |
Тематические рубрики |
__ |
| y |
Географическая подрубрика |
Великобритания |
| 610 |
Ключевые слова |
__ |
| a |
Ключевые слова |
авантюрные романы |
| a |
Ключевые слова |
английская литература |
| a |
Ключевые слова |
детская литература |
| a |
Ключевые слова |
зарубежная литература |
| a |
Ключевые слова |
иностранная литература |
| a |
Ключевые слова |
приключенческие романы |
| a |
Ключевые слова |
романы |
| a |
Ключевые слова |
тема выживания |
| a |
Ключевые слова |
тема динозавров |
| a |
Ключевые слова |
тема опасности |
| a |
Ключевые слова |
тема приключений |
| a |
Ключевые слова |
тема путешествий |
| a |
Ключевые слова |
фантастика |
| a |
Ключевые слова |
фантастические произведения |
| a |
Ключевые слова |
фантастические романы |
| 686 |
Индексы других классификаций |
__ |
| 2 |
Код системы |
rubbks |
| a |
Классификационный индекс |
ст84(4Вел)-445 |
| 700 |
Автор |
_1 |
| a |
Фамилия |
Дойл |
| b |
Имя |
А. К. |
| f |
Даты |
1859-1930 |
| g |
Полное личное имя |
Артур Конан |
| 4 |
Код отношения |
070 |
| 702 |
Вторичная интеллектуальная ответственность |
_1 |
| a |
Фамилия |
Волжина-Гроссет |
| b |
Имя |
Н. А. |
| 4 |
Код отношения |
Переводчик |
| 4 |
Код отношения |
730 |
| 702 |
Вторичная интеллектуальная ответственность |
_1 |
| a |
Фамилия |
Шевченко |
| b |
Имя |
В. Г. |
| 4 |
Код отношения |
Художник |
| f |
Даты |
1922-2008 |
| g |
Полное личное имя |
Владимир Гаврилович |
| 4 |
Код отношения |
040 |
| 801 |
Источник записи |
_0 |
| a |
Страна |
RU |
| b |
Организация |
Муниципальное бюджетное учреждение культуры "Централизованная библиотечная система" г. Сургут (Центральная городская библиотека им. А. С. Пушкина) |
| c |
Дата составления |
20161024 |
| g |
Правила каталогизации |
КиК/Коробейникова |
| 801 |
Источник записи |
_1 |
| a |
Страна |
RU |
| b |
Организация |
Муниципальное бюджетное учреждение культуры "Централизованная библиотечная система" г. Сургут (Центральная городская библиотека им. А. С. Пушкина) |
| c |
Дата составления |
20161024 |
| g |
Правила каталогизации |
КиК/Коробейникова |
| 852 |
Данные о местонахождении |
__ |
| j |
Шифр хранения |
ст84(4Вел)-445 |
| i |
Авторский знак |
Д 62 |
| 901 |
Тип документа |
__ |
| t |
Тип документа |
m |
| 903 |
Характеристики (МАРС) |
__ |
| a |
Дата передачи |
20161024 |
| 969 |
Тип издания |
__ |
| a |
Тип издания |
издание для детей |
| 990 |
Данные о заказе (DOS) |
__ |
| j |
Количество экземпляров (DOS) |
1 |
| t |
N записи в КСУ для И/У (DOS) |
201610 |